|
|
|
|
| LEADER |
00000nam2a2200000 4500 |
| 001 |
189706 |
| 005 |
20231031175506.0 |
| 035 |
|
|
|a (RuTPU)RU\TPU\book\206423
|
| 090 |
|
|
|a 189706
|
| 100 |
|
|
|a 20101230d1973 k y0rusy50 ca
|
| 101 |
0 |
|
|a rus
|
| 102 |
|
|
|a RU
|
| 105 |
|
|
|a a o 000zy
|
| 200 |
0 |
|
|a Т. 1
|
| 210 |
|
|
|d 1973
|
| 215 |
|
|
|a 166 с.
|c ил.
|
| 461 |
|
1 |
|0 (RuTPU)RU\TPU\book\85667
|t Нормативный метод гидравлического расчета паровых котлов
|f Центральный научно-исследовательский котлотурбинный институт им. И. И. Ползунова; Всесоюзный теплотехнический научно-исследовательский институт им. Ф. Э. Дзержинского
|v Т. 1
|d 1972
|s Руководящие указания ; Вып. 33
|
| 610 |
1 |
|
|a давление
|
| 610 |
1 |
|
|a перепады
|
| 610 |
1 |
|
|a показатели
|
| 610 |
1 |
|
|a надежность
|
| 610 |
1 |
|
|a котлы
|
| 610 |
1 |
|
|a естественная циркуляция
|
| 610 |
1 |
|
|a прямоточные котлы
|
| 610 |
1 |
|
|a принудительная вентиляция
|
| 610 |
1 |
|
|a водяные экономайзеры
|
| 610 |
1 |
|
|a пароперегреватели
|
| 610 |
1 |
|
|a трубопроводы
|
| 675 |
|
|
|a 621.18.016(083)
|v 3
|
| 801 |
|
1 |
|a RU
|b 63413507
|c 20101230
|
| 801 |
|
2 |
|a RU
|b 63413507
|c 20200703
|g RCR
|
| 942 |
|
|
|c BK
|